Quick Pick: Almost-a-Reindeer Quiz Stats

 Plays Quiz Updated Dec 25, 2017

Challenge
Share
Tweet
Embed
Score 0/10 Timer 01:00
1 Play Today
% Correct
Dinner
94.6%
Cancer
94.4%
Pranker
93.2%
Downer
92.7%
Danger
91.7%
Comer
91%
Dashed
90.4%
Blitzes
89.9%
Covet
89.8%
Vimen
82.4%

Today's Daily Dose

Missing Word
TV HA - HZ

Word Ladder
Nordic Capital

On This Day
January 19th II

You're not logged in!

Compare scores with friends on all Sporcle quizzes.
OR
Log In

You Might Also Like...

Show Comments

Extras

Top Quizzes Today


Score Distribution

Your Account Isn't Verified!

In order to create a playlist on Sporcle, you need to verify the email address you used during registration. Go to your Sporcle Settings to finish the process.

Report this User

Report this user for behavior that violates our Community Guidelines.

Details: